|
|
|
|
| LEADER |
00000nab a2200000 a 4500 |
| 001 |
vtls000895029 |
| 003 |
SK-MaSNL |
| 005 |
20260302175206.0 |
| 008 |
040720e19970619xo 0 slo |
| 035 |
|
|
|a KE4061
|
| 040 |
|
|
|a KEVKJB
|b slo
|c KEVKJB
|e AACR2
|
| 041 |
0 |
|
|a slo
|
| 044 |
|
|
|a xo
|c SK
|
| 080 |
|
|
|a 797.176
|2 1981
|
| 080 |
|
|
|a 929
|2 1981
|
| 100 |
1 |
|
|a Machová, Bronislava
|4 aut
|9 886274
|
| 245 |
1 |
0 |
|a Vodnolyžiarska gazela prekonala skokanský rekord
|b Bronislava Machová si aj v Lagenfelde udržala celkové druhé miesto v Európskom pohári
|
| 300 |
|
|
|b 1 foto
|
| 590 |
|
|
|a Machová, Bronislava
|b vodná lyžiarka
|
| 600 |
1 |
7 |
|a Machová, Bronislava,
|d 1976-2012
|2 KEVKJB
|9 873319
|
| 611 |
1 |
7 |
|a Európsky pohár majstrov
|2 KEVKJB
|9 879963
|
| 650 |
0 |
7 |
|a vodné lyžovanie
|2 KEVKJB
|9 29925
|
| 650 |
0 |
7 |
|a miesto 2.
|2 KEVKJB
|9 878662
|
| 650 |
0 |
7 |
|a rozhovory
|2 KEVKJB
|9 453585
|
| 651 |
|
7 |
|a Košice (Slovensko)
|2 KEVKJB
|9 18694
|
| 651 |
|
7 |
|a KE,
|2 KEVKJB
|9 877256
|
| 651 |
|
7 |
|a KE,
|2 KEVKJB
|9 877256
|
| 655 |
|
7 |
|a periodikum
|2 snkbucl
|9 29553
|
| 700 |
1 |
0 |
|a Daňko, Martin
|4 aut
|9 417375
|
| 773 |
0 |
8 |
|t Korzo
|g Roč. 4, č.140, 19.6.1997, s. 34
|
| 852 |
|
|
|a ZVYKNI
|b KIS3GCP
|
| 999 |
|
|
|c 1406277
|d 1408207
|